| 000 | 01087nam a2200373 a 4500 | ||
|---|---|---|---|
| 001 | 000108067 | ||
| 003 | CHAP | ||
| 005 | 20260420125140.0 | ||
| 008 | 131203s2007 ck |r| ||||||spa d | ||
| 010 | _a104529 | ||
| 011 | _a105501 | ||
| 020 | _a9588203236 | ||
| 040 | _cCHAP | ||
| 082 | 0 | 4 |
_a641.1 _bM49 2007 |
| 245 | 1 | 0 |
_aManual del ingeniero de alimentos / _cpor Maria Fernanda Dias Montes y Felipe Durán Ramírez. |
| 250 | _a2 ed. | ||
| 260 |
_aBogota : _bGrupo Latino, _c[2007]. |
||
| 300 | _a483 p. | ||
| 590 |
_aBATCH-UPD _b05 _c20190520 |
||
| 590 |
_aE5995AHE _b05 _c20131203 |
||
| 590 |
_aE5995AHE _b05 _c20131203 |
||
| 590 |
_aE5995AHE _b05 _c20131203 |
||
| 590 |
_aE5995AHE _b05 _c20131203 |
||
| 650 | 1 | 4 |
_aAlimentos _xHigiene. _94224 |
| 650 | 1 | 4 |
_aAlimentos _xInspección. _94239 |
| 650 | 1 | 4 |
_aAlimentos _xTecnología. _94284 |
| 650 | 1 | 4 |
_aMicrobiología. _975490 |
| 650 | 1 | 7 |
_aAlimentos _xCalidad _94175 |
| 700 | 1 |
_aDias Montes, Maria Fernanda. _9124855 |
|
| 700 | 1 |
_aDurán Ramírez, Felipe _934702 |
|
| 901 | _aBK | ||
| 942 |
_cLIBRO _2ddc |
||
| 942 |
_n0 _2ddc |
||
| 999 |
_c104529 _d104529 |
||